000 00675nam a2200217 a 4500
005 20220628114413.0
008 991125s1996 mx 000 0 spa u
020 _a9681637135
035 _aUPN01000006044
049 _aCG
050 4 _aHG221
_bK4.28
100 1 _aKeynes, John Maynard,
_d1883-1946.
245 1 0 _aBreve tratado sobre la reforma monetaria /
_cJohn Maynard Keynes ; tr. de Carlos Rodríguez Braun.
260 _aMéxico :
_bFCE,
_c1996.
300 _a206 p.
440 0 _aClásicos de economía
534 _tTraducción de:
_pA tract on monetary reform
650 7 _aEconomía keynesiana
_2
_915843
650 4 _aPOLITICA MONETARIA
_91440
905 _aLibro
999 _c6044
_d6044